Stochastic models on some human organ systems with various diseases (Record no. 393525)

MARC details
000 -LEADER
fixed length control field 00513nam a2200181 4500
005 - DATE & TIME
control field 20250919115110.0
008 - FIXED-LENGTH DATA ELEMENTS--GENERAL INFORMATION
fixed length control field 250919b |||||||| |||| 00| 0 eng d
040 ## - CATALOGING SOURCE
Original cataloging agency VIVEKANANDA LIBRARY
082 ## - DDC NUMBER
Classification number 519.2
Book Number B469S
100 ## - MAIN ENTRY--PERSONAL NAME
Personal name Bhardwaj, Shikha
245 ## - TITLE STATEMENT
Title Stochastic models on some human organ systems with various diseases
260 ## - PUBLICATION, DISTRIBUTION, ETC. (IMPRINT)
Name of publisher, distributor, etc Department of Mathematics, M D University, Rohtak
Date of publication, distribution, etc 2024
300 ## - PHYSICAL DESCRIPTION
Pages xii, 182
650 ## - Subject
Subject Mathematics
650 ## - Subject
Subject Stochastic Models
700 ## - Added Entry Personal Name
Added Entry Personal Name Rajeev Kumar
942 ## - ADDED ENTRY ELEMENTS (KOHA)
Koha item type Thesis
Holdings
Withdrawn status Lost status Source of classification or shelving scheme Damaged status Not for loan Location (home branch) Sublocation or collection (holding branch) Shelving location Date acquired Koha issues (times borrowed) Koha full call number Accession No. Koha date last seen Copy number Koha item type
    Dewey Decimal Classification     VIVEKANANDA LIBRARY VIVEKANANDA LIBRARY Vivekananda Library 19/09/2025   519.2 B469S 411045 19/09/2025 R Thesis
© Designed and Maintained by Vivekananda Library, MDU Rohtak